| 000 | 00407nam a2200145Ia 4500 | ||
|---|---|---|---|
| 008 | 210716s2004 xx 000 0 und d | ||
| 020 | _a8120326660 | ||
| 041 | _aeng | ||
| 082 | _a005.268 MICR | ||
| 245 | _aMicrosoft manual of style for technical publications. | ||
| 250 | _a1 | ||
| 260 |
_aNew Delhi _bPrentice Hall of India PVt Ltd. _c2004 |
||
| 300 | _axxi,398 | ||
| 650 | _aMicrosoft Windows(005.269) | ||
| 999 |
_c188617 _d188617 |
||